| 000 | 00000nam##2200000za#4500 |
| 001 | 9.694084 |
| 003 | CaOODSP |
| 005 | 20240209132434 |
| 007 | cr ||||||||||| |
| 008 | 150407|2005||||xxc|||||o f|0| 0 eng|d |
| 040 | |aCaOODSP|beng |
| 043 | |an-cn--- |
| 086 | 1 |aIu89-4/55-2005E-PDF |
| 110 | 2 |aAtlantic Canada Opportunities Agency. |
| 245 | 10|aGrowing technology business in Atlantic Canada : |h[electronic resource]|bthe first Atlantic Regional Research Money Conference / |cprepared by Kate Merlin and Research Money Inc. |
| 246 | 3 |aThe first Atlantic Regional Research Money Conference - Growing technology business in Atlantic Canada in collaboration with the Atlantic Canada Opportunities Agency, October 6, 2005, Moncton, New Brunswick - Conference Proceedings |
| 260 | |aMoncton - New Brunswick : |bAtlantic Canada Opportunities Agency |cOctober 2005. |
| 300 | |a25p. |
| 500 | |a"This policy research is sponsored by the Atlantic Canada Opportunity Agency (ACOA) under the Atlantic Policy Research Initiative, ..." |
| 520 | 3 |aResearch Money Inc. organized the first Atlantic Research Money conference, which took place in Moncton on October 6, 2005. The theme of the conference was "Growing Technology-Based Business in Atlantic Canada". The one-day conference included regional, national and international speakers, a CEO panel, panels on technology financing and the roles of government and universities, and networking activities. |
| 590 | |a10-15-Supp|b2010-12-10 |
| 690 | 07|aAtlantic provinces|2gcpds |
| 690 | 07|aBusiness development|2gcpds |
| 690 | 07|aTechnology|2gcpds |
| 720 | 1 |aMerlin, Kate |
| 775 | 08|tLa croissance de la technologie dans le monde des affaires au Canada atlantique : |w(CaOODSP)9.638265 |
| 776 | 0#|tGrowing technology business in Atlantic Canada : |w(CaOODSP)9.651896 |
| 856 | 40|ahttp://publications.gc.ca|qPDF|s87 KB|uhttps://publications.gc.ca/collections/collection_2010/apeca-acoa/Iu89-4-55-2005-eng.pdf |